Music Quiz

Random Music or Album Quiz

Bands by Their First and Last '90s Album Quiz Stats

 Plays Quiz Updated Apr 3, 2015

Challenge
Share
Tweet
Embed
Score 0/30 Timer 05:00
0 Plays Today
'90s First Band % Correct
Blood Sugar Sex MagikRed Hot Chili Peppers
92.8%
NevermindNirvana
92.3%
Achtung BabyU2
79.7%
Pablo HoneyRadiohead
78.5%
TenPearl Jam
69.9%
39/SmoothGreen Day
61.9%
Definitely MaybeOasis
54.1%
Check Your HeadBeastie Boys
46.9%
The Downward SpiralNine Inch Nails
44.6%
Get a GripAerosmith
43.8%
GishThe Smashing Pumpkins
43.7%
Voodoo LoungeThe Rolling Stones
40.1%
Out of TimeR.E.M.
39.9%
UndertowTool
39.3%
Sixteen StoneBush
36.9%
'90s First Band % Correct
A Storm In HeavenThe Verve
32.6%
ViolatorDepeche Mode
30.4%
CoreStone Temple Pilots
30.3%
BossanovaPixies
24.1%
Golden FeelingsBeck
23.3%
PodBreeders
20.6%
Slanted and EnchantedPavement
18.9%
GooSonic Youth
18.8%
SeparationsPulp
18.4%
LeisureBlur
18.3%
Fungus AmongusIncubus
17.8%
Angel DustFaith No More
17.5%
RepeaterFugazi
9.6%
Green MindDinosaur Jr.
7%
1916Motörhead
5.8%

You're not logged in!

Compare scores with friends on all Sporcle quizzes.
Join for Free
OR
Log In

You Might Also Like...

Show Comments

Extras

Top Quizzes Today


Score Distribution

Your Account Isn't Verified!

In order to create a playlist on Sporcle, you need to verify the email address you used during registration. Go to your Sporcle Settings to finish the process.

Report this User

Report this user for behavior that violates our Community Guidelines.

Details: